| Tag |
First Indicator |
Second Indicator |
Subfields |
| LEADER |
00000cam a2200000 a 4500 |
| 001 |
in00002866921 |
| 008 |
120331r20122011ilua b 000 1 eng |
| 005 |
20240705223751.5 |
| 010 |
|
|
|a 2012008229
|
| 020 |
|
|
|a 9780807548080
|
| 020 |
|
|
|a 0807548081
|
| 029 |
1 |
|
|a NZ1
|b 14673982
|
| 029 |
1 |
|
|a AU@
|b 000048998794
|
| 035 |
|
|
|a (OCoLC)ocn782897564
|
| 035 |
|
|
|a (OCoLC)782897564
|
| 040 |
|
|
|a DLC
|b eng
|c DLC
|d IG#
|d BTCTA
|d BDX
|d YDXCP
|d UPZ
|d CO2
|d VP@
|d JBL
|d UIU
|d GO3
|d MCW
|d UtOrBLW
|
| 042 |
|
|
|a lcac
|a pcc
|
| 049 |
|
|
|a TXAM
|
| 050 |
0 |
0 |
|a PZ7.M4786574
|b Lu 2012
|
| 082 |
0 |
0 |
|a [Fic]
|2 23
|
| 100 |
1 |
|
|a McKay, Hilary.
|
| 245 |
1 |
0 |
|a Lulu and the duck in the park /
|c Hilary McKay ; illustrated by Priscilla Lamont.
|
| 264 |
|
1 |
|a Chicago :
|b Albert Whitman,
|c 2012.
|
| 300 |
|
|
|a 104 pages :
|b illustrations ;
|c 21 cm.
|
| 336 |
|
|
|a text
|b txt
|2 rdacontent
|
| 337 |
|
|
|a unmediated
|b n
|2 rdamedia
|
| 338 |
|
|
|a volume
|b nc
|2 rdacarrier
|
| 490 |
1 |
|
|a LuLu ;
|v 1
|
| 520 |
|
|
|a A young girl who loves animals brings an abandoned duck egg to school, even though her teacher has banned her from bringing animals to school ever again.
|
| 586 |
|
|
|a American Library Association Notable Children's Bk
|
| 650 |
|
1 |
|a Animals
|v Fiction.
|
| 650 |
|
1 |
|a Schools
|v Fiction.
|
| 650 |
|
1 |
|a Humorous stories.
|
| 655 |
|
0 |
|a Humorous stories.
|
| 655 |
|
7 |
|a Humorous fiction.
|2 gsafd
|
| 650 |
|
0 |
|a Animals
|v Juvenile fiction.
|
| 650 |
|
0 |
|a Schools
|v Juvenile fiction.
|
| 700 |
1 |
|
|a Lamont, Priscilla,
|e illustrator.
|
| 800 |
1 |
|
|a McKay, Hilary.
|t LuLu ;
|v 1.
|
| 938 |
|
|
|a Ingram
|b INGR
|n 9780807548080
|
| 938 |
|
|
|a Baker and Taylor
|b BTCP
|n BK0011007910
|
| 938 |
|
|
|a Brodart
|b BROD
|n 102625794
|c $13.99
|
| 938 |
|
|
|a YBP Library Services
|b YANK
|n 7694587
|
| 945 |
|
|
|a PromptCat
|b 177557
|
| 946 |
|
|
|a curr
|
| 947 |
|
|
|a A14835923832
|
| 948 |
|
|
|a Cataloged
|b h
|c 2013/1/23
|d c
|e EGrant
|
| 994 |
|
|
|a 92
|b TXA
|
| 999 |
|
|
|a MARS
|
| 999 |
f |
f |
|s 67af8036-f735-3db9-adbb-f87ed5dabf32
|i ae1545af-39d7-3d9d-860b-284b4d9023e3
|t 0
|
| 952 |
f |
f |
|p normal
|a Texas A&M University
|b College Station
|c Sterling C. Evans Library
|d Evans: Curriculum Collection (4th floor)
|t 0
|e PZ7.M4786574 Lu 2012
|h Library of Congress classification
|i unmediated -- volume
|m A14835923832
|
| 998 |
f |
f |
|a PZ7.M4786574 Lu 2012
|t 0
|l Evans: Curriculum Collection (4th floor)
|